Entry Nombre personal
001 - NÚMERO DE CONTROL
- campo de control: 111681
003 - IDENTIFICADOR DE NÚMERO DE CONTROL
- campo de control: OSt
005 - FECHA Y HORA DE LA ÚLTIMA TRANSACCIÓN
- campo de control: 20260421132104.0
008 - ELEMENTOS DE DATO DE LONGITUD-FIJA
- campo de control de longitud fija: 260421|| aca||aabn | a|a d
024 7# - IDENTIFICADOR DE OTROS ESTÁNDARES
- Fuente: BNE
- Número estándar o código: XX5042823
024 7# - IDENTIFICADOR DE OTROS ESTÁNDARES
- Fuente: VIAF
- Número estándar o código: http://viaf.org/viaf/168502728/
040 ## - FUENTE DE CATALOGACIÓN
- Centro catalogador/agencia de origen: M-RABA
100 1# - ENCABEZAMIENTO-NOMBRE DE PERSONA
- Nombre de persona: Domínguez Ramos
370 ## - LUGAR ASOCIADO
- País asociado: España
371 ## - DIRECCIÓN
- Dirección: Calle de Guzmán el Bueno, 37
- Ciudad: Madrid
- País: España
372 ## - CAMPO DE ACTIVIDAD
- Campo de actividad: Fotografía
374 ## - OCUPACIÓN
- Ocupación: Fotógrafo
375 ## - GÉNERO/SEXO
- Género: Masculino
410 2# - TRAZADO DE VÉASE--NOMBRE DE ENTIDAD CORPORATIVA
- Nombre de entidad corporativa o nombre de jurisdicción como elemento de entrada: Archivo de Arte Color
670 ## - FUENTE DE DATOS ENCONTRADOS
- Cita de la fuente: Grabado: paisaje. Por Jean Baptista Collignon, diseñado por Stefano della Bella
- Información encontrada: fot. (Dominguez Ramos)
670 ## - FUENTE DE DATOS ENCONTRADOS
- Cita de la fuente: WWW BNE aut, 21/04/2026
- Información encontrada: (Archivo de Arte Color)